000 00904cab a2200241 4500
001 ABS46105
008 090401t1992 xxu||||| |||| 00| 0 eng d
035 _a(Sirsi) u56843
041 _aeng
100 _aDriscoll, J.
245 _aSurrendering joint tenancies
260 _c1992
350 _a0
490 _aSolicitors` Journal
_v136(12) 27 March 1992, 294-295(2)
520 _aDiscusses the implications of "Hammersmith and Fulham LBC v Monk" HL 1992, which upheld a CA decision that a joint periodic tenancy could be validly determined by notice given by one tenant against the wishes of the others.
650 _aHAMMERSMITH AND FULHAM LBC V MONK
650 _aJOINT TENANCIES
650 _aNOTICE OF TERMINATION
650 _aPERIODIC TENANCIES
690 _aPROPERTY-RESIDENTIAL PROPERTY-RESIDENTIAL LANDLORD AND TENANT-RESIDENTIAL TENANCIES
942 _n0
948 _c04/03/1997
999 _c34698
_d34698